Communes les plus pauvres de France - Statistiques

Statistiques générales
  • Ce quiz a été pris 119 fois
  • Le résultat moyen est 20 sur 100
Statistiques - réponses
Département Revenus Réponse % Correct
Nord 14 090 € Roubaix
82%
Seine-Saint-Denis 15 700 € Saint-Denis
81%
Seine-Saint-Denis 14 630 € Aubervilliers
60%
Essonnes 13 360 € Grigny
60%
Pas-de-Calais 16 310 € Lens
60%
Val-d'Oise 15 900 € Sarcelles
60%
Pas-de-Calais 17 210 € Calais
59%
Seine-Saint-Denis 15 500 € Bobigny
53%
Seine-Saint-Denis 14 610 € La Courneuve
52%
Oise 14 980 € Creil
49%
Seine-Saint-Denis 16 420 € Sevran
47%
Rhône 16 370 € Vénissieux
43%
Seine-Saint-Denis 16 680 € Bondy
42%
Seine-Saint-Denis 14 410 € Clichy-sous-Bois
41%
Val-d'Oise 15 170 € Garges-lès-Gonesse
40%
Nord 14 320 € Denain
37%
Yvelines 16 510 € Mantes-la-Jolie
37%
Pyrénées-Oriental 16 700 € Perpignan
36%
Seine-Saint-Denis 15 380 € Stains
34%
Seine-Saint-Denis 16 540 € Le Blanc Mesnil
33%
Eure-et-Loir 17 240 € Dreux
31%
Nord 15 670 € Maubeuge
31%
Loiret 16 240 € Montargis
30%
Gard 17 180 € Alès
29%
Vaucluse 16 910 € Avignon
29%
Ardennes 16 570 € Sedan
28%
Rhône 16 130 € Vaulx-en-Velin
28%
Hérault 16 360 € Béziers
27%
Seine-Saint-Denis 16 900 € Épinay-sur-Seine
27%
Val-de-Marne 16 250 € Villeneuve-Saint-Georges
25%
Pas-de-Calais 16 910 € Boulogne-sur-Mer
24%
Moselle 16 890 € Forbach
24%
Val-d'Oise 15 560 € Villiers-le-Bel
24%
Haut-Rhin 16 100 € Mulhouse
22%
Seine-Saint-Denis 17 300€ Noisy-le-Sec
22%
Nord 15 920 € Fourmies
20%
Nord 16 740 € Liévin
20%
Oise 17 080 € Nogent-sur-Oise
20%
Seine-Saint-Denis 15 650 € Villetaneuse
20%
Pas-de-Calais 16 880 € Avion
18%
Seine-Saint-Denis 16 550 € Dugny
18%
Seine-Saint-Denis 16 950 € Le Bourget
18%
Seine-Saint-Denis 15 190 € Pierrefitte-sur-Seine
18%
Val-d'Oise 17 380 € Goussainville
17%
Moselle 16 760 € Woippy
17%
Pas-de-Calais 16 350 € Bruay-la-Buissière
16%
Nord 15 930 € Grande-Synthe
16%
Aisne 15 910 € Hirson
16%
Seine-Saint-Denis 16 610 € L'Île-Saint-Denis
16%
Bouches-du-Rhônes 17 370 € Tarascon
16%
Val-de-Marne 17 200 € Valenton
16%
Eure 16 320 € Val-de-Reuil
14%
Rhône 17 170 € Givors
13%
Oise 16 730 € Montataire
13%
Aube 17 030 € Romilly-sur-Seine
13%
Marne 16 870 € Vitry-le-François
13%
Yonne 17 280 € Joigny
12%
Hérault 16 920 € Lodève
12%
Oise 16 840 € Noyon
12%
Rhône 16 080 € Saint-Fons
12%
Pas-de-Calais 17 230 € Saint-Omer
12%
Loiret 16 780 € Chalette-sur-Loing
11%
Aube 15 600 € La Chapelle-Saint-Luc
11%
Gironde 17 150 € Lormont
11%
Nord 14 620 € Louvroil
10%
Pas-de-Calais 15 660 € Sallaumines
10%
Nord 15 890 € Anzin
8%
Pas-de-Calais 16 180 € Auchel
8%
Loire 16 090 € La Ricamarie
8%
Yonnes 17 190 € Migennes
8%
Gard 17 350 € Saint-Gilles
8%
Pas-de-Calais 16 800 € Billy-Montigny
7%
Seine-Maritime 16 840 € Elbeuf
7%
Pas-de-Calais 16 980 € Mazingarbe
7%
Nord 16 820 € Aniche
6%
Nord 16 930 € Douchy-les-Mines
6%
Nord 16 060 € Jeumont
6%
Meurthe-et-Moselle 17 140 € Maxéville
6%
Meurthe-et-Moselle 16 830 € Mont-Saint-Martin
6%
Pas-de-Calais 16 810 € Noyelles-sous-Lens
6%
Nord 16 460 € Bruay-sur-l'Escaut
5%
Nord 15 970 € Condé-sur-l'Éscaut
5%
Moselle 15 320 € Farébersvillers
5%
Nord 15 940 € Le Cateau-Cambrésis
5%
Nord 15 950 € Waziers
5%
Ariége 17 330 € Bédarieux
4%
Nord 16 620 € Escaudin
4%
Pas-de-Calais 16 260 € Grenay
4%
Pas-de-Calais 15 850 € Marles-les-Mines
4%
Nord 15 720 € Quiévrechain
4%
Pas-de-Calais 17 320 € Fouquières-les-Lens
2%
Nord 15 590 € Haumont
2%
Doubs 16 920 € Bethoncourt
1%
Aisne 15 180 € Bohin-en-Vermandois
1%
Nord 16 990 € Caudry
1%
Pas-de-Calais 17 130 € Barlin
0%
Moselle 14 920 € Behren-lès-Forbach
0%
Pas-de-Calais 16 670 € Divion
0%
Nord 16 750 € Fresnes-sur-Éscaut
0%
Seine-et-Marne 15 450 € Monteraut-Fault-Yonne
0%
Aucun quiz correspondant
Distribution des résultats
% des personnes avec chaque résultat
Percentile par nombre de réponses
Votre historique - résultats
Vous n’avez pas pris ce quiz